000 00531nam a2200193Ia 4500
003 LK-CoDNM
005 20241126125022.0
008 010623t1964 xxu||||| |||| 00| 1 sin d
040 _aLK-CoDNM
_dLK-CoDNM
_eLK-CoDNM
041 _asin
080 _a294.3(597)
_bPER
100 _aPeris,Dencil.
245 _aවියට්නාම් බෞද්ධ වේගය
246 _aViyetnam Bauddha Vegaya
260 _bGunasena
_aColombo
_c1964
300 _b110p. : 15 cm
650 _aබුදු දහම
942 _cBK
999 _c106727
_d106727